00445nam a2200193Ia 4500003000400000005001700004008004100021020001500062040000700077041000800084082001700092100001900109245003000128250000600158260003800164300001400202365001300216650002200229OSt20230620111604.0210423s2003 xx 000 0 und d a8123906854 cAL aeng a576.163 JAYJ aJAY (James M). aModern food microbiology. a4 aNew DelhibCBS Publicationsc2003 ax,701bPB b250cINR aFood Microbiology